[Event "Central America-ch 24th"]
[Site "San Salvador"]
[Date "2023.01.21"]
[Round "2"]
[White "Young, Christopher1111"]
[Black "Smith, Shreyas"]
[Result "0-1"]
[WhiteElo "1741"]
[BlackElo "2132"]
[PlyCount "50"]
[EventDate "2023.01.21"]
[EventType "swiss"]
[EventRounds "11"]
[EventCountry "ESA"]
[SourceTitle "CBM 212 Extra"]
[Source "ChessBase"]
[SourceDate "2023.03.31"]
[SourceVersion "1"]
[SourceVersionDate "2023.03.31"]
[SourceQuality "1"]

1. d4 Nf6 2. c4 e6 3. Nf3 Bb4+ 4. Bd2 a5 5. Nc3 b6 6. g3 Bb7 7. Bg2 d6 8. 0-0 Nbd7 9. a3 Bxc3 10. Bxc3 a4 11. b4 axb3 12. Qxb3 Ra7 13. Rfd1 Qa8 14. Ne1 Bxg2 15. Nxg2 0-0 16. Nf4 Re8 17. Ra2 Ra4 18. Rc1 Qc6 19. Bb2 e5 20. Nd5 exd4 21. Nxf6+ Nxf6 22. Bxd4 Ne4 23. f3 Ng5 24. Ba1 Ra5 25. Qc3 f6 0-1

[Event "Olympiad-44"]
[Site "Chennai"]
[Date "2022.08.07"]
[Round "9.2"]
[White "Smith, Shreyas"]
[Black "Cawdery, Daniel"]
[Result "1/2-1/2"]
[WhiteElo "2147"]
[BlackElo "2417"]
[PlyCount "118"]
[EventDate "2022.07.29"]
[EventType "team-swiss"]
[EventRounds "11"]
[EventCountry "IND"]
[SourceTitle "CBM 210"]
[Source "ChessBase"]
[SourceDate "2022.10.31"]
[SourceVersion "1"]
[SourceVersionDate "2022.10.31"]
[SourceQuality "1"]
[WhiteTeam "Jamaica"]
[BlackTeam "South Africa"]
[WhiteTeamCountry "JAM"]
[BlackTeamCountry "RSA"]

1. e4 c5 2. c3 Nf6 3. e5 Nd5 4. d4 cxd4 5. Nf3 Nc6 6. Bc4 Nb6 7. Bb3 d5 8. exd6 Qxd6 9. 0-0 Be6 10. Na3 Bxb3 11. axb3 e6 12. Nb5 Qb8 13. Nfxd4 Be7 14. Qg4 0-0 15. Bf4 Qc8 16. Nxc6 Qxc6 17. Nxa7 Qe4 18. Rae1 Qd3 19. Be5 Qg6 20. Qd4 Nd5 21. Nb5 Rfd8 22. Rd1 Qh5 23. Qe4 Bf8 24. Rd4 f5 25. Qe1 Bc5 26. Rd3 f4 27. Bd4 Qf5 28. Bxc5 Qxd3 29. Qxe6+ Kh8 30. Nd6 Rxd6 31. Bxd6 f3 32. Re1 h6 33. gxf3 Nf6 34. Be5 Re8 35. Qh3 Qg6+ 36. Qg3 Qf5 37. Re4 Nh5 38. Bxg7+ Nxg7 39. Rxe8+ Nxe8 40. Qb8 Qg6+ 41. Kf1 Qd3+ 42. Kg2 Qg6+ 43. Qg3 Qf7 44. h4 Nf6 45. Qf4 Kg7 46. c4 Qg6+ 47. Kh3 Qb1 48. Qc7+ Kg6 49. Qb6 Qxb2 50. Kg2 Qe5 51. Qxb7 Qf4 52. h5+ Kxh5 53. Qg7 Qg5+ 54. Qxg5+ Kxg5 55. b4 Kf4 56. c5 Nd7 57. c6 Nb6 58. b5 h5 59. Kh3 Kxf3 1/2-1/2